Art de predicació al poble / Francesc Eiximenis ; edició, traducció i pròleg de Xavier Renedo
ISBN:
978-84-9766-333-5
Descripción Física:
82 p. ; 20 cm
Colección:
Textos pedagògics ; 47
Otros Autores:
Renedo i Puig, Xavier, ed
MARC
| LEADER | 00000nam a2200000Ia 4500 | ||
|---|---|---|---|
| 001 | 22235 | ||
| 008 | 160829s2009 xx 000 0 cat d | ||
| 020 | |a 978-84-9766-333-5 | ||
| 080 | |a E-1-368 | ||
| 100 | |a Eiximenis, Francesc |9 45918 | ||
| 245 | |a Art de predicació al poble / Francesc Eiximenis ; edició, traducció i pròleg de Xavier Renedo | ||
| 260 | |a Barcelona : |b Eumo, |c 2009 | ||
| 300 | |a 82 p. ; |c 20 cm | ||
| 490 | |a Textos pedagògics ; 47 | ||
| 590 | |a Bibliografia. | ||
| 590 | |a Títol original: Ars praedicandi populo | ||
| 650 | |a Predicació |9 45919 | ||
| 650 | |a Art de parlar en públic--Aspectes religiosos |9 45920 | ||
| 700 | |a Renedo i Puig, Xavier, ed. |9 45921 | ||
| 901 | |a Arxiu | ||
| 942 | |n 1 | ||
| 952 | |0 0 |1 0 |4 0 |6 E1368 |7 1 |9 52883 |a Arxiu |b Arxiu |d 2016-12-01 |l 0 |o E-1-368 |p 22235 |r 2016-12-01 00:00:00 |w 2016-12-01 |y ARXIU | ||
| 999 | |c 56732 |d 56732 | ||